000 00641nam a2200217Ia 4500
005 20241129104326.0
008 241129s9999||||xx |||||||||||||| ||und||
020 _a9789389307214
037 _aTextual
040 _aRTL
_beng
_cRTL
041 _aeng
_2eng
084 _aX:89Q Q9
_qRTL
100 _aKesavan R; Elanchezhian C; Ramnath B. Vijaya
_9725773
245 0 _aTotal quality management
_cKesavan R; Elanchezhian C; Ramnath B. Vijaya
260 _aNew Delhi
_bWiley
_c2019
300 _axv,318p.
365 _aINR
_b445
650 _aQuality Management
_9264422
942 _cTB
_hX:89Q Q9
999 _c1225405
_d1225405